LEADER 01090nam1 2200385 450 001 990003046930203316 005 20080114124747.0 035 $a000304693 035 $aUSA01000304693 035 $a(ALEPH)000304693USA01 035 $a000304693 100 $a20080114d--------km-y0itay50------ba 101 $afre 102 $aFR 105 $a||||||||001yy 200 1 $aOeuvres romanesques$fFaulkner 210 $aParis$cGallimard 215 $av.$d18 cm. 225 2 $aBibliotheque de la Pleiade 410 0$1001000280276$aBibliotheque de la Pleiade 454 1$12001 461 1$1001-------$12001 463 \1$1001990003046940203316$12001 $a<<4.>> 676 $a813.52 700 1$aFAULKNER,$bWilliam$0131662 801 0$aIT$bsalbc$gISBD 912 $a990003046930203316 951 $aVI.4. Coll. 21/ 173/$bL.M.$cVI.4. Coll. 959 $aBK 969 $aUMA 979 $aRIVELLI$b90$c20080114$lUSA01$h1237 979 $aRIVELLI$b90$c20080114$lUSA01$h1245 979 $aRIVELLI$b90$c20080114$lUSA01$h1247 996 $aOeuvres romanesques$91021783 997 $aUNISA LEADER 01126nam0 2200265 i 450 001 SUN0013677 005 20070716120000.0 010 $a88-8114-434-4 100 $a20030407d1996 |0itac50 ba 101 $aita 102 $aIT 105 $a|||| ||||| 200 1 $aAtti dell'Accademia romanistica Costantiniana$e11. Convegno internazionale in onore di Felix B.J. Wubbe 205 $aNapoli : Edizioni scientifiche italiane$bc1996 210 $d757 p. ; 25 cm 215 $aIn testa al front.: Università degli studi di Perugia, Facoltà di Giurisprudenza. 620 $dNapoli$3SUNL000005 710 02$aAccademia romanistica Costantiniana$3SUNV010010$0240708 712 $aESI$3SUNV000952$4650 801 $aIT$bSOL$c20181109$gRICA 912 $aSUN0013677 950 $aUFFICIO DI BIBLIOTECA DEL DIPARTIMENTO DI GIURISPRUDENZA$d00 CONS XVIII.H.44 $e00 11524 995 $aUFFICIO DI BIBLIOTECA DEL DIPARTIMENTO DI GIURISPRUDENZA$h11524$kCONS XVIII.H.44$op$qa 996 $aAtti dell'Accademia romanistica costantiniana$9243398 997 $aUNICAMPANIA